000 01191nam a2200313 i 4500
003 EG-GICUC
005 20260121101549.0
008 251229s1986 ua ||||fr|||| 00| 0 ara d
017 _a83/882
040 _a EG-GICUC
_bara
_c EG-GICUC
_d EG-GICUC
_erda
041 0 _aara
082 0 4 _221
_a345.4
_bم ح . م
092 0 4 _221
099 _aLaw1 07 345.4 م ح . م 1982
100 0 _aمحمد أنس قاسم جعفر
_eمؤلف.
245 1 0 _aمبادئ الوظيفة العامة وتطبيقها على التشريع الجزائري /
_cدكتور محمد أنس قاسم جعفر.
264 1 _aالقاهرة :
_bدار النهضة العربية،
_c1982.
300 _a157 صفحة؛
_c24 سم.
336 _2rda content
_atext
337 _2rda media
_aComputer
338 _2rda carrier
_aOnline Resource
504 _a151-147ببليوجرافيا: صفحات.
546 _aالنص أغلبه باللغة العربية مع بعض النصوص الفرنسية
650 1 4 _2الوظيفة العامة
650 1 4 _2القانون الإداري
856 4 0 _uhttps://fll.law.cu.edu.eg/fulltext/bks/B07-01419.pdf
905 _a32
942 _2ddc
_cBK
_e21
_n0
999 _c53130
_d53130